|
|
|
|
| LEADER |
00000nam a2200000Ii 4500 |
| 001 |
DIGUCANT0154 |
| 003 |
NyNyDIG |
| 007 |
cr ||||||||||| |
| 008 |
221107s2022 sp ob 001 0 spa d |
| 006 |
m o d |
| 035 |
|
|
|a (OCoLC)1352725355
|
| 040 |
|
|
|a DGITA
|b eng
|e rda
|e pn
|c DGITA
|
| 043 |
|
|
|a e-sp---
|
| 020 |
|
|
|a 9788417888992
|q pdf
|
| 020 |
|
|
|z 9788481027945
|q rústica
|
| 050 |
1 |
4 |
|a DP269.8.A7 ebook
|
| 100 |
1 |
|
|a Saavedra Arias, Rebeca,
|e author.
|
| 245 |
1 |
0 |
|a Destruir y proteger :
|b el patrimonio histórico-artístico durante la Guerra Civil (1936-1939) /
|c Rebeca Saavedra Arias.
|
| 264 |
|
1 |
|a Santander :
|b Ediciones Universidad Cantabria,
|c 2022.
|
| 300 |
|
|
|a 1 online resource.
|
| 336 |
|
|
|a text
|b txt
|2 rdacontent
|
| 337 |
|
|
|a computer
|b c
|2 rdamedia
|
| 338 |
|
|
|a online resource
|b cr
|2 rdacarrier
|
| 347 |
|
|
|a text file
|2 rdaft
|
| 347 |
|
|
|b PDF
|
| 490 |
1 |
|
|a Colección Historia ;
|v #111
|
| 504 |
|
|
|a Includes bibliographical references and index.
|
| 588 |
0 |
|
|a Online resource; title from PDF title page (Digitalia, viewed November 8, 2022)
|
| 651 |
|
0 |
|a Spain
|x History
|y Civil War, 1936-1939
|x Art and the war.
|
| 650 |
|
0 |
|a Cultural property
|x Protection
|z Spain
|x History.
|
| 650 |
|
0 |
|a Art
|x Conservation and restoration
|z Spain
|x History.
|
| 650 |
|
0 |
|a Art treasures in war
|z Spain
|x History.
|
| 655 |
|
0 |
|a Electronic books.
|
| 791 |
2 |
|
|a Digitalia (Firm),
|e distributor.
|
| 793 |
0 |
|
|g Digitalia eBook Collection:
|a Universidad de Cantabria
|
| 776 |
0 |
8 |
|i Print version:
|a Saavedra Arias, Rebeca.
|t Destruir y proteger.
|d Santander : Ediciones Universidad Cantabria, [2016]
|z 9788481027945
|
| 830 |
|
0 |
|a Colección Historia ;
|v 111.
|
| 856 |
4 |
0 |
|3 Digitalia Hispánica
|u https://www.digitaliapublishing.com/a/116053/
|
| 910 |
|
|
|a Premium collection: 2022
|